<?xml version="1.0" encoding="UTF-8"?>
<collection xmlns="http://www.loc.gov/MARC21/slim">
 <record>
  <leader>00517nam a22001455a 4500</leader>
  <controlfield tag="001">EUN.um021036</controlfield>
  <controlfield tag="003">AR-BaUNS</controlfield>
  <controlfield tag="005">20050623122900.0</controlfield>
  <controlfield tag="008">041125s1979####ag#a##########000#0#spa#d</controlfield>
  <datafield tag="245" ind1="1" ind2="0">
   <subfield code="a">Centenario del Servicio de hidrografía naval :</subfield>
   <subfield code="b">1879- 6 de junio -1979. /</subfield>
   <subfield code="c">Servicio de hidrografía naval.</subfield>
  </datafield>
  <datafield tag="260" ind1=" " ind2=" ">
   <subfield code="a">Buenos Aires,</subfield>
   <subfield code="c">1979.</subfield>
  </datafield>
  <datafield tag="300" ind1=" " ind2=" ">
   <subfield code="a">63 p. :</subfield>
   <subfield code="b">ilus. ;</subfield>
   <subfield code="c">25,5 cm.</subfield>
  </datafield>
  <datafield tag="082" ind1="0" ind2="4">
   <subfield code="a">551.46</subfield>
  </datafield>
  <datafield tag="110" ind1="2" ind2=" ">
   <subfield code="a">Servicio de hidrografía naval</subfield>
   <subfield code="c">Argentina.</subfield>
  </datafield>
  <datafield tag="859" ind1=" " ind2=" ">
   <subfield code="a">Ar-BaUNS</subfield>
   <subfield code="b">BIB. CENTRAL - Sector C</subfield>
   <subfield code="h">551.46</subfield>
   <subfield code="i">Ar37-7</subfield>
   <subfield code="p">82860/979</subfield>
  </datafield>
 </record>
</collection>
